000
00296nam a2200121Ia 4500
008
191201s2012 xx 000 0 und d
100
_a
RAJARAMAN, V
245
0
_a
Introduction to digital computer design
250
_a
5th
260
_c
2012
_b
PHI
_a
NEW DELHI
300
_a
512
942
_2
ddc
_c
BK
_0
38
999
_c
7864
_d
7864